Metal-coordination polymers
This series provides a useful, applications-oriented forum for the next generation of macromolecules and materials. The fifth volume in this series provides useful descriptions of the transition metals and their applications. Transition Metals are covered in 2 volumes, the second part is covered in...
Saved in:
| Format: | Book |
|---|---|
| Language: | Undetermined |
| Published: |
Hoboken, N.J
John Wiley & Sons
2005
|
| Subjects: | |
| Tags: |
Add Tag
No Tags, Be the first to tag this record!
|
| Institutions: | Trung tâm Học liệu Trường Đại học Cần Thơ |
|---|
| LEADER | 00925nam a2200193Ia 4500 | ||
|---|---|---|---|
| 001 | CTU_162304 | ||
| 008 | 210402s9999 xx 000 0 und d | ||
| 020 | |c 24.95 | ||
| 082 | |a 547.05 | ||
| 082 | |b M174/Vol.5 | ||
| 245 | 0 | |a Metal-coordination polymers | |
| 245 | 0 | |c Edited by Alaa S. Abd-El-Aziz ... [et al.] | |
| 260 | |a Hoboken, N.J | ||
| 260 | |b John Wiley & Sons | ||
| 260 | |c 2005 | ||
| 520 | |a This series provides a useful, applications-oriented forum for the next generation of macromolecules and materials. The fifth volume in this series provides useful descriptions of the transition metals and their applications. Transition Metals are covered in 2 volumes, the second part is covered in Volume 6 | ||
| 650 | |a Organometallic polymers,Organometallic compounds,Macromolecules,Hợp chất hóa học,Đại phân tử | ||
| 904 | |i Tuyến | ||
| 980 | |a Trung tâm Học liệu Trường Đại học Cần Thơ | ||